[Event "HEM 2006 A"]
[Site "Marburg"]
[Date "2006.04.09"]
[Round "2.15"]
[White "Wimmer, Thomas"]
[Black "Alonzo, Desi"]
[Result "0-1"]
[WhiteElo "1956"]
[BlackElo "1525"]
[PlyCount "62"]
[EventDate "2006.04.08"]
[EventType "swiss"]
[EventCountry "GER"]

1. e4 c5 2. d4 cxd4 3. c3 Nf6 4. e5 Nd5 5. cxd4 Nc6 6. Nc3 Nxc3 7. bxc3 d6 8.
exd6 Qxd6 9. Nf3 g6 10. Bb5 a6 11. Qa4 Bd7 12. O-O Bg7 13. Ba3 Qb8 14. Bxc6
Bxc6 15. Qb4 Qc7 16. Rfe1 Bf6 17. Qc4 Rc8 18. d5 Bb5 19. Qe4 Qd8 20. d6 e6 21.
Nd4 Bd7 22. Qxb7 Rxc3 23. Nxe6 fxe6 24. Bb2 Rc2 25. Bxf6 Qxf6 26. Qb6 O-O 27.
f3 Qg5 28. g3 Rxf3 29. Qb7 Rxg3+ 30. Kh1 Rxh2+ 31. Kxh2 Qh4# 0-1

[Event "HEM 2006 A"]
[Site "Marburg"]
[Date "2006.04.09"]
[Round "2.16"]
[White "Schmidt, Dietmar"]
[Black "Zarges, Peter"]
[Result "1/2-1/2"]
[WhiteElo "1930"]
[BlackElo "1461"]
[PlyCount "50"]
[EventDate "2006.04.08"]
[EventType "swiss"]
[EventCountry "GER"]

1. c4 c5 2. g3 g6 3. Bg2 Bg7 4. Nc3 Nc6 5. Nf3 Nf6 6. O-O O-O 7. a3 d6 8. Ne1
Be6 9. Nd5 Qd7 10. Rb1 Bh3 11. Nxf6+ Bxf6 12. b4 Bxg2 13. Nxg2 b6 14. Bb2 e5
15. b5 Ne7 16. e4 Bg7 17. Ne3 f5 18. exf5 Nxf5 19. Nd5 Ne7 20. Nxe7+ Qxe7 21.
Qg4 Rf5 22. f4 Raf8 23. fxe5 Rxf1+ 24. Rxf1 Rxf1+ 25. Kxf1 Bxe5 1/2-1/2

[Event "HEM 2006 A"]
[Site "Marburg"]
[Date "2006.04.10"]
[Round "3.1"]
[White "Gramlich, Sebastian"]
[Black "Lahr, Marcus"]
[Result "1-0"]
[WhiteElo "2122"]
[BlackElo "2073"]
[PlyCount "63"]
[EventDate "2006.04.08"]
[EventType "swiss"]
[EventCountry "GER"]

1. d4 f5 2. e4 fxe4 3. Nc3 Nf6 4. Bg5 Nc6 5. d5 Ne5 6. Qd4 Nf7 7. h4 g6 8. Bxf6
exf6 9. Nxe4 Bg7 10. d6 O-O 11. Qc4 Re8 12. O-O-O b5 13. Qb3 c6 14. Bd3 a5 15.
a3 Bh6+ 16. Kb1 Kg7 17. g4 a4 18. Qb4 Kg8 19. g5 fxg5 20. h5 gxh5 21. Rxh5 Bg7
22. Nh3 h6 23. Rg1 Qa5 24. Qxa5 Rxa5 25. f4 c5 26. fxg5 hxg5 27. Nhxg5 c4 28.
Nxf7 cxd3 29. Nh6+ Kh7 30. Nf5+ Kg8 31. Rxg7+ Kf8 32. Rh8# 1-0

[Event "HEM 2006 A"]
[Site "Marburg"]
[Date "2006.04.10"]
[Round "3.2"]
[White "Feicht, Arno"]
[Black "Bietz, Fabian"]
[Result "0-1"]
[WhiteElo "2107"]
[BlackElo "2042"]
[PlyCount "150"]
[EventDate "2006.04.08"]
[EventType "swiss"]
[EventCountry "GER"]

1. e4 c5 2. Nf3 d6 3. d4 cxd4 4. Qxd4 Nc6 5. Bb5 Bd7 6. Bxc6 bxc6 7. O-O Qb6 8.
Qd3 Qb7 9. c4 g6 10. Nc3 Bg7 11. Re1 Rd8 12. Re2 Nf6 13. h3 O-O 14. Bg5 Rfe8
15. Rd1 Qc7 16. Bf4 Qb7 17. g4 Qc8 18. Nh2 d5 19. e5 dxc4 20. Qe3 Nd5 21. Nxd5
cxd5 22. Red2 Bc6 23. Nf3 a6 24. Nd4 Bb7 25. Bh2 e6 26. Bf4 Qb8 27. Re1 Rc8 28.
h4 Qc7 29. Rc2 Bf8 30. Bg5 Qc5 31. Rd1 Be7 32. Bh6 Bd8 33. Qf3 Qe7 34. Kg2 f5
35. Bg5 fxg4 36. Qxg4 Qf7 37. Bxd8 Rcxd8 38. Rc3 Bc8 39. Rf3 Qg7 40. Nc6 Rd7
41. Rf6 Rf7 42. Qf4 Ref8 43. Re1 Bd7 44. Nd4 Rxf6 45. exf6 Qxf6 46. Qxf6 Rxf6
47. Kg3 Kf7 48. f4 Ke7 49. b3 cxb3 50. axb3 Kd6 51. Nf3 Rf7 52. Ne5 Re7 53. Kg4
Be8 54. Kg5 d4 55. Nf3 d3 56. Ne5 Bb5 57. Rd1 Kc5 58. Kf6 Re8 59. Kf7 Rd8 60.
Ke7 Rd4 61. Kxe6 d2 62. Nf3 Be2 63. Rxd2 Bxf3 64. Rc2+ Kb4 65. Rc7 Rxf4 66.
Rxh7 Kxb3 67. Ke5 Rb4 68. Rd7 Bh5 69. Ra7 Rb6 70. Kd4 Kb4 71. Kd3 a5 72. Kc2
Bg4 73. Kb2 Bf5 74. Ka1 a4 75. Re7 Re6 0-1

[Event "HEM 2006 A"]
[Site "Marburg"]
[Date "2006.04.10"]
[Round "3.3"]
[White "Keuth, Gerd Erich"]
[Black "Schwartz, Gerhard"]
[Result "1/2-1/2"]
[WhiteElo "2112"]
[BlackElo "2075"]
[PlyCount "83"]
[EventDate "2006.04.08"]
[EventType "swiss"]
[EventCountry "GER"]

1. c4 c5 2. Nf3 g6 3. d4 cxd4 4. Nxd4 Nc6 5. Nc3 Nf6 6. g3 Bg7 7. Bg2 O-O 8.
O-O Nxd4 9. Qxd4 d6 10. b3 Be6 11. Bb2 Nd5 12. Qd2 Nxc3 13. Bxc3 Bxc3 14. Qxc3
Qc7 15. Rfd1 Rab8 16. Qe3 b5 17. Rd4 Kg7 18. Bd5 bxc4 19. Qc3 Kg8 20. Rxc4 Qb6
21. Rc6 Qb5 22. Bf3 Bd5 23. Rc7 Bxf3 24. Qxf3 Qe5 25. Rac1 a5 26. Qd3 Rb4 27.
Qd2 Rd4 28. Qc3 Rd5 29. Qxe5 Rxe5 30. R1c2 Rb8 31. Rc8+ Rxc8 32. Rxc8+ Kg7 33.
Kf1 Kf6 34. Rc4 Rb5 35. e4 d5 36. exd5 Rxd5 37. b4 axb4 38. Rxb4 Rd2 39. a4 Ra2
40. Kg2 Ra3 41. h4 h5 42. Rc4 1/2-1/2

[Event "HEM 2006 A"]
[Site "Marburg"]
[Date "2006.04.10"]
[Round "3.4"]
[White "Overbeck, Christopher"]
[Black "Rubel, Julian"]
[Result "0-1"]
[WhiteElo "1815"]
[BlackElo "2111"]
[PlyCount "98"]
[EventDate "2006.04.08"]
[EventType "swiss"]
[EventCountry "GER"]

1. Nf3 c5 2. e4 e6 3. c3 Nf6 4. e5 Nd5 5. d4 cxd4 6. cxd4 d6 7. Nc3 Nxc3 8.
bxc3 Qc7 9. Bd2 Nd7 10. exd6 Bxd6 11. Bd3 O-O 12. O-O b6 13. Re1 Bb7 14. h3 Bf4
15. Bxf4 Qxf4 16. Qd2 Qxd2 17. Nxd2 Rac8 18. Rac1 Nf6 19. Rc2 Rfd8 20. Kf1 Nd5
21. Rec1 Nf4 22. Be4 Ba6+ 23. c4 Rxd4 24. h4 Rcd8 25. Ke1 Rxe4+ 26. Nxe4 Nd3+
27. Ke2 Nxc1+ 28. Rxc1 Rd4 29. Ke3 e5 30. Nd2 Rxh4 31. c5 Rd4 32. cxb6 axb6 33.
Nf3 Rd8 34. Rc6 Rd3+ 35. Ke4 Bb7 36. Kxd3 Bxc6 37. Nxe5 Bxg2 38. Kc4 Bf1+ 39.
Kb4 b5 40. Nc6 h5 41. Nd4 h4 42. Nf3 h3 43. Nh2 Be2 44. f3 g5 45. Kc3 f5 46.
Kd2 Bxf3 47. Nxf3 g4 48. Ke2 gxf3+ 49. Kxf3 f4 0-1

[Event "HEM 2006 A"]
[Site "Marburg"]
[Date "2006.04.10"]
[Round "3.5"]
[White "Rücker, Benjamin"]
[Black "Ahrends, Norbert"]
[Result "1-0"]
[WhiteElo "2229"]
[BlackElo "2065"]
[PlyCount "53"]
[EventDate "2006.04.08"]
[EventType "swiss"]
[EventCountry "GER"]

1. d4 d5 2. c4 c6 3. Nf3 Nf6 4. e3 e6 5. Nbd2 Nbd7 6. b3 g6 7. Bd3 Bg7 8. Ba3
b6 9. Rc1 Bb7 10. cxd5 Nxd5 11. Nc4 Bf8 12. Nd6+ Bxd6 13. Bxd6 f6 14. e4 Ne7
15. Qd2 h6 16. Qf4 Rc8 17. Bc4 Kf7 18. Ne5+ Nxe5 19. dxe5 f5 20. exf5 gxf5 21.
Bxe7 Qxe7 22. Qxf5+ Kg7 23. Qg4+ Kf7 24. Rc3 c5 25. Qh5+ Kf8 26. Rg3 Qf7 27.
Rg6 1-0

[Event "HEM 2006 A"]
[Site "Marburg"]
[Date "2006.04.10"]
[Round "3.6"]
[White "Michel, Stephan"]
[Black "Lange, Klaus"]
[Result "1/2-1/2"]
[WhiteElo "1902"]
[BlackElo "2174"]
[PlyCount "95"]
[EventDate "2006.04.08"]
[EventType "swiss"]
[EventCountry "GER"]

1. e4 Nf6 2. e5 Nd5 3. d4 d6 4. c4 Nb6 5. exd6 cxd6 6. Nc3 g6 7. Be3 Bg7 8. Rc1
Nc6 9. d5 Ne5 10. b3 O-O 11. Be2 f5 12. f4 Ng4 13. Bxg4 fxg4 14. Nge2 e5 15.
dxe6 Bxe6 16. O-O Qe7 17. Bd4 Rad8 18. Bxg7 Qxg7 19. Nd4 Bf5 20. Nxf5 Rxf5 21.
Qxg4 d5 22. Nxd5 Nxd5 23. cxd5 Qd4+ 24. Kh1 Rdxd5 25. Rcd1 Rxf4 26. Qe2 Rxf1+
27. Rxf1 Re5 28. Qd1 Qxd1 29. Rxd1 Re2 30. Kg1 Kf7 31. Rd7+ Re7 32. Rd4 Rc7 33.
Kf2 Ke6 34. Rd2 Ke5 35. Ke3 h5 36. h3 Rc3+ 37. Kf2 b5 38. Kg1 a5 39. Rd8 b4 40.
Ra8 Rc5 41. Kh2 Kd4 42. h4 g5 43. hxg5 Rxg5 44. Kh3 Kc3 45. Kh4 Rxg2 46. Rxa5
Rh2+ 47. Kg3 Rh1 48. a3 1/2-1/2

[Event "HEM 2006 A"]
[Site "Marburg"]
[Date "2006.04.10"]
[Round "3.7"]
[White "Wolff, Peter"]
[Black "Bender, Dirk"]
[Result "1/2-1/2"]
[WhiteElo "2005"]
[BlackElo "2113"]
[PlyCount "89"]
[EventDate "2006.04.08"]
[EventType "swiss"]
[EventCountry "GER"]

1. c4 c5 2. Nf3 g6 3. Nc3 Bg7 4. g3 Nc6 5. Bg2 e6 6. O-O Nge7 7. d3 O-O 8. Bf4
d6 9. Qd2 Nf5 10. e4 Nfd4 11. Bh6 Nxf3+ 12. Bxf3 Nd4 13. Bg2 e5 14. Bxg7 Kxg7
15. Ne2 Nxe2+ 16. Qxe2 Bd7 17. f4 Qe7 18. f5 f6 19. g4 g5 20. Kf2 Rh8 21. h4 h6
22. Rh1 Rag8 23. Rh3 Kf8 24. Rah1 Qg7 25. Bf3 Be8 26. Qd2 b6 27. hxg5 hxg5 28.
Kg3 Rxh3+ 29. Rxh3 Rh8 30. Qh2 Kg8 31. Bd1 Rxh3+ 32. Qxh3 Qh7 33. Qxh7+ Kxh7
34. a4 Kg7 35. Kf2 Kf8 36. Ke3 Ke7 37. Kd2 Kd8 38. Kc3 Kc7 39. Kb3 Kb7 40. Ka3
Ka6 41. Bc2 Ka5 42. Bd1 a6 43. b3 Bd7 44. Bc2 Bc6 45. Bd1 1/2-1/2

[Event "HEM 2006 A"]
[Site "Marburg"]
[Date "2006.04.10"]
[Round "3.8"]
[White "Alonzo, Desi"]
[Black "Forgach, Andreas"]
[Result "1/2-1/2"]
[WhiteElo "1525"]
[BlackElo "2095"]
[PlyCount "64"]
[EventDate "2006.04.08"]
[EventType "swiss"]
[EventCountry "GER"]

1. d4 Nf6 2. c4 g6 3. Nc3 Bg7 4. e3 d6 5. Bd3 e5 6. Nge2 O-O 7. O-O Nbd7 8. Ng3
Re8 9. d5 Nc5 10. Bc2 a5 11. e4 Bd7 12. Be3 b6 13. f3 h5 14. Qd2 Nh7 15. Nh1
Bf6 16. Nf2 Bg5 17. g3 Bxe3 18. Qxe3 Qg5 19. Qxg5 Nxg5 20. Kg2 Kg7 21. h4 Nh7
22. g4 hxg4 23. fxg4 Rf8 24. Kg3 Nf6 25. a3 a4 26. Rad1 Ng8 27. g5 f5 28. Rde1
Ne7 29. Rh1 fxe4 30. Nfxe4 Nxe4+ 31. Bxe4 Nf5+ 32. Kg2 Nd4 1/2-1/2

[Event "HEM 2006 A"]
[Site "Marburg"]
[Date "2006.04.10"]
[Round "3.9"]
[White "von Kiedrowski, Klemens"]
[Black "Muth, Andreas"]
[Result "0-1"]
[WhiteElo "2087"]
[BlackElo "2053"]
[PlyCount "70"]
[EventDate "2006.04.08"]
[EventType "swiss"]
[EventCountry "GER"]

1. g3 c5 2. f4 g6 3. Nf3 Nc6 4. Bg2 Bg7 5. O-O e6 6. c3 d5 7. d3 Nge7 8. Qc2
O-O 9. e4 Rb8 10. a4 a6 11. Qf2 d4 12. c4 Nb4 13. Ne1 b5 14. axb5 axb5 15. b3
bxc4 16. bxc4 Qb6 17. Nd2 Bb7 18. e5 Ra8 19. Rb1 Ra2 20. g4 f6 21. exf6 Rxf6
22. Bxb7 Qxb7 23. Qg3 Qc6 24. Ne4 Rf8 25. Bd2 Na6 26. Nf3 h6 27. Ne5 Qc7 28. h4
Kh7 29. Rb5 Nc6 30. Nxc6 Qxc6 31. Rfb1 Ra3 32. Rb6 Qxe4 33. Rxa6 Rxd3 34. Qe1
Qf3 35. Ra7 Qxg4+ 0-1

[Event "HEM 2006 A"]
[Site "Marburg"]
[Date "2006.04.10"]
[Round "3.10"]
[White "Althoff, Guntram"]
[Black "Storkebaum, Ulrike"]
[Result "0-1"]
[WhiteElo "2080"]
[BlackElo "1891"]
[PlyCount "138"]
[EventDate "2006.04.08"]
[EventType "swiss"]
[EventCountry "GER"]

1. b4 e5 2. Bb2 d6 3. c4 Be6 4. e3 Nf6 5. Nf3 Nbd7 6. Ng5 Bg4 7. f3 Bh5 8. Bd3
Bg6 9. Bxg6 hxg6 10. O-O Nh7 11. Nxh7 Rxh7 12. f4 f5 13. g3 e4 14. Nc3 Nf6 15.
Re1 Qd7 16. Qa4 Qxa4 17. Nxa4 Ng4 18. Re2 O-O-O 19. h4 Be7 20. Kg2 Bf6 21. Nc3
c6 22. Rb1 a6 23. b5 axb5 24. cxb5 Rhh8 25. Kh3 Rhe8 26. Rc1 c5 27. Na4 Bxb2
28. Nxb2 b6 29. Rc3 d5 30. Ra3 Kb7 31. Rc3 Re6 32. a4 d4 33. Rc1 dxe3 34. dxe3
Red6 35. Rcc2 Rd5 36. Kg2 Ra8 37. Rc1 Nxe3+ 38. Rxe3 Rd2+ 39. Kh3 Rxb2 40. Rd1
Kc7 41. h5 gxh5 42. Kh4 g6 43. Kg5 Rxa4 44. Kxg6 Rxb5 45. Kxf5 c4+ 46. Ke6 Rc5
47. Rxe4 Ra3 48. Rd7+ Kc6 49. Rd6+ Kb7 50. Rd7+ Ka6 51. Rg7 c3 52. Re3 Raa5 53.
Re1 c2 54. Rc1 Rab5 55. Ra1+ Ra5 56. Rc1 Rc6+ 57. Kd7 Rc3 58. Rg8 Rac5 59. Ra1+
Kb5 60. Rc1 Rd3+ 61. Ke6 Rd1 62. Rxc2 Rxc2 63. f5 Re2+ 64. Kf7 Rd7+ 65. Kg6 h4
66. g4 h3 67. f6 h2 68. Rh8 Rf2 69. g5 Rd1 0-1

[Event "HEM 2006 A"]
[Site "Marburg"]
[Date "2006.04.10"]
[Round "3.12"]
[White "Reuter, Klaus"]
[Black "Rompel, Michael"]
[Result "0-1"]
[WhiteElo "1496"]
[BlackElo "2068"]
[PlyCount "68"]
[EventDate "2006.04.08"]
[EventType "swiss"]
[EventCountry "GER"]

1. e4 e5 2. Nf3 Nc6 3. Bb5 Bc5 4. O-O Nge7 5. c3 d5 6. Nxe5 Be6 7. d4 Bb6 8.
Nxc6 bxc6 9. Bd3 c5 10. dxc5 Bxc5 11. Qc2 h6 12. b4 Bd6 13. f4 dxe4 14. Bxe4 c6
15. Be3 O-O 16. Qf2 Qc7 17. a4 Rfe8 18. Nd2 f5 19. Bd3 Nd5 20. Rac1 Bd7 21. Bc4
Be6 22. Bxd5 Bxd5 23. c4 Be6 24. c5 Be7 25. Bd4 Rad8 26. Nf3 Qxf4 27. Qb2 Bf8
28. g3 Qg4 29. Rcd1 Bd5 30. Qf2 Bxf3 31. Qxf3 Rxd4 32. Qb3+ Kh8 33. h3 Rxb4 34.
Qc3 Bxc5+ 0-1

[Event "HEM 2006 A"]
[Site "Marburg"]
[Date "2006.04.10"]
[Round "3.13"]
[White "Leidorf, Sebastian"]
[Black "Hoppe, Michael"]
[Result "1-0"]
[WhiteElo "1940"]
[BlackElo "1973"]
[PlyCount "80"]
[EventDate "2006.04.08"]
[EventType "swiss"]
[EventCountry "GER"]

1. e4 c5 2. Nc3 d6 3. d3 g6 4. Be3 Bg7 5. Qd2 Nc6 6. g3 Bd7 7. Bg2 b5 8. f4 b4
9. Nd1 Nf6 10. h3 Rb8 11. Nf3 O-O 12. O-O Re8 13. Nh4 e6 14. f5 exf5 15. exf5
Nh5 16. Bg5 Bd4+ 17. Kh2 Qc7 18. Bd5 gxf5 19. Nxf5 Kh8 20. g4 Be5+ 21. Kg2 Be6
22. Nde3 f6 23. Bh6 Bxd5+ 24. Nxd5 Qf7 25. Nde3 Bxb2 26. gxh5 Rg8+ 27. Kh2 Bxa1
28. Rxa1 Qxh5 29. Rf1 Ne5 30. Qf2 Ng4+ 31. Nxg4 Rxg4 32. Bc1 Rg6 33. Bb2 Rf8
34. Nxd6 Qd5 35. Ne4 Kg7 36. Nxf6 Qd6+ 37. Kh1 Rfxf6 38. Bxf6+ Rxf6 39. Qg2+
Rg6 40. Qf3 Qe6 1-0

[Event "HEM 2006 A"]
[Site "Marburg"]
[Date "2006.04.10"]
[Round "3.14"]
[White "Schoenfelder, Michael"]
[Black "Zarges, Peter"]
[Result "1-0"]
[WhiteElo "1960"]
[BlackElo "1461"]
[PlyCount "85"]
[EventDate "2006.04.08"]
[EventType "swiss"]
[EventCountry "GER"]

1. d4 d5 2. c4 c6 3. Nf3 Nf6 4. Nc3 Bf5 5. e3 e6 6. Be2 Nbd7 7. Nh4 Be7 8. Nxf5
exf5 9. Qb3 Rb8 10. cxd5 O-O 11. O-O Qc7 12. Bf3 Bd6 13. g3 Nb6 14. dxc6 bxc6
15. Qc2 g6 16. b3 h5 17. e4 fxe4 18. Nxe4 Nxe4 19. Bxe4 Nd5 20. Bh6 Kh7 21.
Bxf8 Rxf8 22. Rac1 Ne7 23. Qe2 Kg7 24. Qf3 h4 25. Bxc6 Nxc6 26. Rxc6 Qb8 27.
Kg2 Re8 28. Rfc1 Re6 29. Rc8 Qb6 30. Qd5 Qa6 31. R8c6 Qa3 32. R1c2 Rf6 33. Qc4
Qa5 34. Qa6 Qd5+ 35. Kg1 h3 36. Qf1 Re6 37. Rc1 Re7 38. Qxh3 Re8 39. Rc8 Rxc8
40. Rxc8 Bf8 41. Rxf8 Kxf8 42. Qh8+ Ke7 43. Qe5+ 1-0

[Event "HEM 2006 A"]
[Site "Marburg"]
[Date "2006.04.10"]
[Round "3.16"]
[White "Liebert, Frank"]
[Black "Wimmer, Thomas"]
[Result "0-1"]
[WhiteElo "1652"]
[BlackElo "1956"]
[PlyCount "60"]
[EventDate "2006.04.08"]
[EventType "swiss"]
[EventCountry "GER"]

1. d4 d6 2. c4 g6 3. Nc3 Bg7 4. Nf3 f5 5. Bd2 Nf6 6. e3 O-O 7. Bd3 Nc6 8. O-O
e5 9. d5 e4 10. dxc6 exd3 11. Nd4 bxc6 12. Nxc6 Qe8 13. Nb4 Bb7 14. f3 a5 15.
Nxd3 Ba6 16. b3 Nd7 17. Rc1 c6 18. Re1 d5 19. Nb2 dxc4 20. Nxc4 Nc5 21. Qc2 Rd8
22. Re2 Qe6 23. Na4 Nd3 24. Rd1 Rd5 25. Bc3 Bxc3 26. Qxc3 Nf4 27. Red2 Ne2+ 28.
Rxe2 Rxd1+ 29. Kf2 Qf6 30. Qxa5 Qh4+ 0-1

[Event "HEM 2006 A"]
[Site "Marburg"]
[Date "2006.04.11"]
[Round "4.1"]
[White "Bietz, Fabian"]
[Black "Gramlich, Sebastian"]
[Result "0-1"]
[WhiteElo "2042"]
[BlackElo "2122"]
[PlyCount "66"]
[EventDate "2006.04.08"]
[EventType "swiss"]
[EventCountry "GER"]

1. d4 d5 2. c4 Nc6 3. Nf3 Bg4 4. Nc3 e6 5. Bg5 f6 6. Bf4 Bb4 7. cxd5 Qxd5 8.
Bd2 Qh5 9. e3 Nge7 10. Be2 O-O-O 11. a3 Bd6 12. Nb5 e5 13. Nxd6+ Rxd6 14. Bc3
e4 15. Nd2 Bxe2 16. Qxe2 Qg6 17. O-O h5 18. b4 h4 19. b5 h3 20. g3 Nd5 21. bxc6
Nxc3 22. cxb7+ Kb8 23. Qc4 Nd5 24. Rab1 Qg4 25. Rb5 Nb6 26. Qc2 Re8 27. Rc1 Re7
28. a4 Qe2 29. Rc5 Nd5 30. Rb5 Nb6 31. Rb2 Rxd4 32. exd4 e3 33. Ne4 exf2+ 0-1

[Event "HEM 2006 A"]
[Site "Marburg"]
[Date "2006.04.11"]
[Round "4.2"]
[White "Rubel, Julian"]
[Black "Keuth, Gerd Erich"]
[Result "1-0"]
[WhiteElo "2111"]
[BlackElo "2112"]
[PlyCount "65"]
[EventDate "2006.04.08"]
[EventType "swiss"]
[EventCountry "GER"]

1. d4 d5 2. c4 e6 3. Nf3 Nf6 4. Bg5 Nbd7 5. e3 c6 6. Nbd2 Qa5 7. a3 dxc4 8.
Bxc4 b5 9. Bd3 b4 10. axb4 Qxb4 11. Qc2 Bb7 12. Ra3 Qb6 13. Rb3 Bb4 14. O-O a5
15. Nc4 Qc7 16. Ra1 Qb8 17. Bf4 Qd8 18. Nd6+ Bxd6 19. Bxd6 Qc8 20. Nd2 Nd5 21.
Nc4 a4 22. Rxb7 Qxb7 23. Ba3 Kd8 24. Nd6 Qb6 25. Nxf7+ Kc7 26. Nxh8 Rxh8 27.
Qxa4 e5 28. Be4 exd4 29. Bxd5 cxd5 30. Rc1+ Kd8 31. Bb4 Qb7 32. Ba5+ Ke7 33.
Rc7 1-0

[Event "HEM 2006 A"]
[Site "Marburg"]
[Date "2006.04.11"]
[Round "4.3"]
[White "Rompel, Michael"]
[Black "Rücker, Benjamin"]
[Result "1/2-1/2"]
[WhiteElo "2068"]
[BlackElo "2229"]
[PlyCount "111"]
[EventDate "2006.04.08"]
[EventType "swiss"]
[EventCountry "GER"]

1. d4 g6 2. e4 Bg7 3. Be3 c5 4. Nf3 Nf6 5. Nbd2 cxd4 6. Bxd4 Nc6 7. Bc3 O-O 8.
Bc4 Rb8 9. Qe2 a6 10. a4 d5 11. exd5 Nxd5 12. Bxg7 Kxg7 13. O-O Nf6 14. Rfd1
Qc7 15. h3 Qf4 16. Ra3 e5 17. Qe3 Qf5 18. Bd3 Qh5 19. Nf1 Nd4 20. N1h2 Re8 21.
Re1 Nc6 22. g4 Qxh3 23. Bf1 Nxg4 24. Bxh3 Nxe3 25. Bxc8 Nxc2 26. Bd7 Nxe1 27.
Bxc6 bxc6 28. Nxe1 Rxb2 29. Nd3 Rc2 30. Nf1 Rc4 31. Ne3 Rd4 32. a5 f5 33. Nc5
f4 34. Ng2 Rd5 35. Rc3 Rc8 36. Nh4 g5 37. Nf3 h6 38. Kg2 Kf6 39. Rc2 Kf5 40.
Nxa6 Rxa5 41. Nb4 c5 42. Nd2 Ke6 43. Nd3 Rb5 44. Kf3 Rd8 45. Ke2 Kd5 46. f3 g4
47. fxg4 Rg8 48. Nf2 Rb4 49. Nd3 Rb5 50. Nf2 Rc8 51. Nde4 Rb4 52. Nc3+ Ke6 53.
Kf3 c4 54. Nfe4 Rb7 55. Rh2 Rh7 56. Ng5+ 1/2-1/2

[Event "HEM 2006 A"]
[Site "Marburg"]
[Date "2006.04.11"]
[Round "4.4"]
[White "Storkebaum, Ulrike"]
[Black "Feicht, Arno"]
[Result "1-0"]
[WhiteElo "1891"]
[BlackElo "2107"]
[PlyCount "79"]
[EventDate "2006.04.08"]
[EventType "swiss"]
[EventCountry "GER"]

1. e4 e5 2. Nf3 Nc6 3. d4 exd4 4. Nxd4 Nf6 5. Nxc6 bxc6 6. Bd3 d5 7. Qe2 Bb4+
8. c3 dxe4 9. Bxe4 Nxe4 10. Qxe4+ Qe7 11. Qxe7+ Bxe7 12. Be3 O-O 13. O-O Rd8
14. Nd2 Ba6 15. Rfe1 f5 16. Nf3 c5 17. Bf4 Bd6 18. Bxd6 cxd6 19. Rad1 Bb7 20.
Ng5 Rd7 21. h4 h6 22. Nh3 Kf7 23. Rd2 Re8 24. Red1 d5 25. Nf4 d4 26. cxd4 g5
27. hxg5 hxg5 28. Nh3 Kf6 29. dxc5 Re1+ 30. Rxe1 Rxd2 31. Rc1 Bc6 32. Rc3 g4
33. Nf4 Ke5 34. Nd3+ Kd4 35. Nf4 Rxb2 36. Ra3 Rb7 37. Ne6+ Ke5 38. Nd8 Rb1+ 39.
Kh2 Bd5 40. c6 1-0

[Event "HEM 2006 A"]
[Site "Marburg"]
[Date "2006.04.11"]
[Round "4.5"]
[White "Muth, Andreas"]
[Black "Warnk, Torsten"]
[Result "1-0"]
[WhiteElo "2053"]
[BlackElo "2079"]
[PlyCount "65"]
[EventDate "2006.04.08"]
[EventType "swiss"]
[EventCountry "GER"]

1. d4 d5 2. Nf3 Nf6 3. c4 c6 4. e3 g6 5. Nc3 Bg7 6. Be2 O-O 7. O-O Nbd7 8. cxd5
Nxd5 9. e4 Nxc3 10. bxc3 c5 11. h3 b6 12. Qb3 cxd4 13. cxd4 Bb7 14. e5 e6 15.
Bc4 Rc8 16. Bg5 Qe8 17. Rac1 h6 18. Bd2 Kh7 19. Bb5 Qd8 20. Rxc8 Qxc8 21. Rc1
Qd8 22. Bb4 Rg8 23. Bd6 a6 24. Bxd7 Bd5 25. Qe3 Qxd7 26. Rc7 Qb5 27. Rxf7 Qb1+
28. Kh2 Qxa2 29. Qf4 Kh8 30. Be7 Qxf2 31. Bf6 g5 32. Bxg7+ Rxg7 33. Qf6 1-0

[Event "HEM 2006 A"]
[Site "Marburg"]
[Date "2006.04.11"]
[Round "4.6"]
[White "Lahr, Marcus"]
[Black "Leidorf, Sebastian"]
[Result "1/2-1/2"]
[WhiteElo "2073"]
[BlackElo "1940"]
[PlyCount "71"]
[EventDate "2006.04.08"]
[EventType "swiss"]
[EventCountry "GER"]

1. c4 c6 2. Nc3 d5 3. cxd5 cxd5 4. d4 Nf6 5. Bf4 e6 6. e3 Bd6 7. Bxd6 Qxd6 8.
f4 O-O 9. Nf3 b6 10. Nb5 Qb4+ 11. Nd2 a6 12. a3 Qxb2 13. Rb1 Qa2 14. Qc1 axb5
15. Ra1 Qxa1 16. Qxa1 b4 17. Nb1 bxa3 18. Nxa3 Nbd7 19. Qb2 Ba6 20. Nb5 Ne4 21.
Bd3 Ndf6 22. O-O Bxb5 23. Qxb5 Ra3 24. h3 Rfa8 25. Re1 Ra1 26. Rxa1 Rxa1+ 27.
Kh2 h5 28. Bxe4 dxe4 29. Qxb6 Re1 30. Qb3 Nd5 31. Qb8+ Kh7 32. Qe5 g6 33. Qb8
Kg7 34. Qe5+ Kh7 35. Qb8 Kg7 36. Qe5+ 1/2-1/2

[Event "HEM 2006 A"]
[Site "Marburg"]
[Date "2006.04.11"]
[Round "4.7"]
[White "Lange, Klaus"]
[Black "Schoenfelder, Michael"]
[Result "1-0"]
[WhiteElo "2174"]
[BlackElo "1960"]
[PlyCount "131"]
[EventDate "2006.04.08"]
[EventType "swiss"]
[EventCountry "GER"]

1. Nf3 Nf6 2. b3 g6 3. Bb2 Bg7 4. g3 O-O 5. Bg2 d6 6. d4 Nbd7 7. O-O c6 8. Nbd2
Re8 9. e4 e5 10. dxe5 Nxe5 11. Nxe5 dxe5 12. Nc4 Qc7 13. Qe2 Bd7 14. Rfd1 Rad8
15. Rd3 Bg4 16. f3 Rxd3 17. Qxd3 Bc8 18. Rd1 Re7 19. Bxe5 Qd7 20. Qxd7 Rxd7 21.
Rxd7 Bxd7 22. Bxf6 Bxf6 23. e5 Bd8 24. Kf1 Kf8 25. Ke2 Ke7 26. f4 Bc7 27. Nd2
f6 28. exf6+ Kxf6 29. Ne4+ Ke7 30. Bf3 h5 31. Nc5 Bc8 32. Be4 Kf6 33. b4 Bd6
34. h4 Bxc5 35. bxc5 Be6 36. a3 Bd7 37. Kd2 Be6 38. Kc3 Bd7 39. Kd4 Be6 40. Ke3
Bd7 41. Kf2 Be6 42. Bf3 Bf5 43. c3 Be6 44. Bd1 Ke7 45. g4 hxg4 46. Kg3 Kf6 47.
Bxg4 Bd5 48. Kf2 Bc4 49. Ke3 Bf7 50. Kd4 Bd5 51. Bc8 b5 52. cxb6 axb6 53. c4
Bf3 54. c5 b5 55. Bh3 Bd5 56. Bf1 Be6 57. Bg2 Bd7 58. Be4 Be8 59. Kc3 Ke6 60.
Kb4 Kd7 61. Ka5 Kc7 62. Ka6 Bf7 63. f5 gxf5 64. Bxf5 Bh5 65. Ka7 Bf7 66. Bg4
1-0

[Event "HEM 2006 A"]
[Site "Marburg"]
[Date "2006.04.11"]
[Round "4.8"]
[White "Bender, Dirk"]
[Black "Overbeck, Christopher"]
[Result "1-0"]
[WhiteElo "2113"]
[BlackElo "1815"]
[PlyCount "53"]
[EventDate "2006.04.08"]
[EventType "swiss"]
[EventCountry "GER"]

1. c4 Nf6 2. g3 d5 3. Nf3 dxc4 4. Bg2 Nbd7 5. Na3 c5 6. Nxc4 g6 7. O-O Bg7 8.
d3 O-O 9. Bd2 Nd5 10. Qc1 b6 11. Bh6 Bb7 12. Bxg7 Kxg7 13. b3 f6 14. Qb2 Kg8
15. Rfd1 Qc7 16. Rac1 e5 17. e3 Rac8 18. d4 e4 19. Ne1 f5 20. Na3 Qd6 21. Bf1
cxd4 22. Rxc8 Rxc8 23. Rxd4 Qc5 24. Bc4 N7f6 25. Nb5 a6 26. b4 Qc6 27. Na7 1-0

[Event "HEM 2006 A"]
[Site "Marburg"]
[Date "2006.04.11"]
[Round "4.9"]
[White "Forgach, Andreas"]
[Black "Wolff, Peter"]
[Result "1/2-1/2"]
[WhiteElo "2095"]
[BlackElo "2005"]
[PlyCount "102"]
[EventDate "2006.04.08"]
[EventType "swiss"]
[EventCountry "GER"]

1. e4 c6 2. d4 d5 3. exd5 cxd5 4. Bd3 Nc6 5. c3 Nf6 6. h3 e5 7. dxe5 Nxe5 8.
Bb5+ Bd7 9. Bxd7+ Qxd7 10. Nf3 Nxf3+ 11. Qxf3 Qe6+ 12. Be3 Bc5 13. O-O Bxe3 14.
Qxe3 Qxe3 15. fxe3 O-O 16. Nd2 Rfe8 17. Rfe1 Re6 18. Rad1 Rae8 19. Nf1 Ra6 20.
a3 Rb6 21. Re2 Re5 22. Rd4 Kf8 23. Rc2 Rc6 24. Re2 Ne4 25. Rd1 Rb6 26. Rd4 Nd6
27. Rb4 Rc6 28. Nd2 a5 29. Rf4 Nc4 30. Nxc4 dxc4 31. Rd4 Ke7 32. Kf2 f5 33.
Red2 b5 34. Rd7+ Kf6 35. R7d6+ Rxd6 36. Rxd6+ Ke7 37. Ra6 Rd5 38. Ke2 a4 39.
Rb6 Kf7 40. Rc6 Re5 41. Kd2 h5 42. Rd6 Kg8 43. Rd4 Kh7 44. h4 Kg6 45. Ke2 Kf6
46. Kf3 g5 47. hxg5+ Kxg5 48. g3 Rc5 49. Rd8 Re5 50. Rg8+ Kf6 51. Rb8 Kg5
1/2-1/2

[Event "HEM 2006 A"]
[Site "Marburg"]
[Date "2006.04.11"]
[Round "4.10"]
[White "Ahrends, Norbert"]
[Black "Michel, Stephan"]
[Result "1-0"]
[WhiteElo "2065"]
[BlackElo "1902"]
[PlyCount "57"]
[EventDate "2006.04.08"]
[EventType "swiss"]
[EventCountry "GER"]

1. d4 g6 2. c4 Bg7 3. Nc3 d6 4. e4 Nf6 5. f3 O-O 6. Be3 c5 7. d5 Re8 8. Qd2 a6
9. O-O-O Qa5 10. Kb1 Nbd7 11. g4 Rb8 12. h4 b5 13. h5 bxc4 14. Rc1 Ne5 15. hxg6
fxg6 16. g5 Nh5 17. f4 Ng4 18. Nge2 Nxe3 19. Qxe3 Bg4 20. Ng3 Nxf4 21. Bxc4 Rb4
22. Qxf4 Rxc4 23. Qxg4 Rxc3 24. Rxc3 Rb8 25. Rb3 Rxb3 26. Qc8+ Kf7 27. Rf1+ Bf6
28. axb3 Qd2 29. gxf6 1-0